000 00690nam a2200205 i 4500
001 37588
003 ES-MaACL
005 20251014063104.0
007 t|
008 030221s1972 sp ||||1| spa d
100 1 _aCaballero, Basilio,
_d1935-1996
_933073
245 1 0 _aHomilías A-B-C
_b: (Domingo y días festivos) /
_cBasilio Caballero.
260 _aMadrid :
_bP S.,
_c[1972]
300 _a1151 p. ;
_c21 cm.
490 1 _aEvangelización para Nuestro Tiempo ;
_v12 A-B-C
650 0 4 _aSermones para el año litúrgico.
_917056
830 0 _aEvangelización para Nuestro Tiempo ;
_v12 A-B-C
_9181727
852 _aES-MaACL
_jC-47884
_bR.84372
999 _c37588
_d37588